| 000 | 00479nam a22001697a 4500 | ||
|---|---|---|---|
| 008 | 230628b |||||||| |||| 00| 0 eng d | ||
| 020 | _a0-7230-0217-7 | ||
| 040 |
_aNational Science Library _cNational Science Library |
||
| 080 |
_aR 912(100) _bL8 |
||
| 245 | _aTime concise atlas of the world | ||
| 260 |
_aLondon: _bTimes Books Limited, _c1972 |
||
| 300 | _a148p. | ||
| 650 | _aMap | ||
| 653 | _aGeography | ||
| 700 | _aBartholomew, John C (Ed.) | ||
| 942 |
_2udc _cREF |
||
| 999 |
_c47977 _d47977 |
||